000
00325nam a2200109Ia 4500
008
171211s9999 xx 000 0 und d
245
2
_a
A Conductor's Guide to Selected Baroque Choral-Orchestral Works
245
_c
Jonathan D. Green
260
_c
2013
650
_x
ART
856
_u
http://down.ebook777.com/061/0810886499.pdf
999
_c
348595
_d
348595